| 000 | 00749nam a22002057a 4500 | ||
|---|---|---|---|
| 005 | 2012040107137.0 | ||
| 008 | 120401s1986 xxu|||||r|||| 001 0 eng d | ||
| 020 | _a8122427715 | ||
| 020 | _a9788122427714 | ||
| 082 |
_222 _a382.92 _bROY |
||
| 100 |
_929537 _aRoy, P. N. |
||
| 245 |
_aInternational Trade : _bTheory and Practice / _cP.N. Roy. |
||
| 260 |
_aNew Delhi : _bWiley Eastern, _c1986. |
||
| 300 |
_axii, 415 p. : _bill. _c22 cm. |
||
| 504 | _aIncludes bibliographical references and indexes. | ||
| 650 |
_912735 _aInternational trade. |
||
| 653 |
_bEco _cApril2012 |
||
| 942 |
_2ddc _cARCH |
||
| 999 |
_c16620 _d16620 |
||